00347nam a2200121Ia 4500008004100000245008500041260001800126260000900144300000800153500001300161650001300174856003800187170516s9999 xx 000 0 und d aBioavailability of a Lipidic Formulation of Curcumin in Healthy Human Volunteers bPharmaceutics c2012 a4:4 aDecember xPharmacy uhttp://www.mdpi.com/1999-4923/4/4